Modificaciones estructurales de sociedades: fusiones, divisiones y transformaciones

Kaydedildi:
Detaylı Bibliyografya
Yazar: Mardones Osorio, Marcelo (autor)
Materyal Türü: Kitap
Dil:İspanyolca
Baskı/Yayın Bilgisi: Santiago Legal Publishing 2018
Edisyon:1a. ed
Seri Bilgileri:Monografías
Konular:
Etiketler: Etiketle
Etiket eklenmemiş, İlk siz ekleyin!

MARC

LEADER 00000cam a2200000 a 4500
001 UCC2523
003 CL-VaPUC
008 180309e20180000cl |||||||||||||||||spa|d
020 |a 9789563469387 
082 0 4 |a 346.07  |b MAR  |2 21 
100 |a Mardones Osorio, Marcelo  |e autor  |9 604439 
245 1 0 |a Modificaciones estructurales de sociedades: fusiones, divisiones y transformaciones 
250 |a 1a. ed 
300 |a 606 p 
942 |c BK 
945 |d 20180309 22:06:00  |a dcastane 
260 |a Santiago  |b Legal Publishing  |c 2018 
650 0 |a Derecho económico   |9 259197 
650 0 |a Política económica   |9 255029 
650 0 |a Sociedades  |9 259052 
583 |a last modification  |c 20180309 22:06:00  |k Rodrigo Vera 
490 0 |a Monografías 
999 |c 370605  |d 370603 
952 |0 0  |1 0  |3 erb  |4 0  |6 346_070000000000000_MAR_2018  |7 0  |8 A  |9 487147  |a BIBDER  |b BIBDER  |i 5452597  |l 1  |o 346.07 MAR 2018  |p 5452597  |r 2023-01-25  |s 2020-03-05  |w 2019-11-24  |y BK  |z Catalogado en:20180309  |k DER 
952 |0 0  |1 0  |3 erb  |4 0  |6 346_070000000000000_MAR_2018  |7 0  |8 A  |9 487148  |a BIBGIM  |b BIBGIM  |i 5466512  |o 346.07 MAR 2018  |p 5466512  |r 2025-01-15  |w 2019-11-24  |y BK  |z Catalogado en:20180413  |k COM 
952 |0 0  |1 0  |3 erb  |4 0  |6 346_070000000000000_MAR_2018  |7 0  |8 A  |9 487149  |a BIBGIM  |b BIBGIM  |i 5466520  |l 1  |o 346.07 MAR 2018  |p 5466520  |r 2025-01-15  |s 2020-03-05  |w 2019-11-24  |y BK  |z Catalogado en:20180413  |k COM